000 00365nam a2200145Ia 4500
003 LK-CoDNM
008 010623t1909 xxu||||| |||| 00| 1 eng d
040 _aLK-CoDNM
_dLK-CoDNM
_eLK-CoDNM
041 _aeng
080 _a50
_bC4
245 _aJaffna College Miscellany
260 _bAmerican Ceylon Mission
_aJaffna
_c1909
300 _b24P,1ill., 20 cm
942 _cBK
999 _c87044
_d87044